| Tag |
First Indicator |
Second Indicator |
Subfields |
| LEADER |
00000cam a2200000 4500 |
| 001 |
in00000066474 |
| 005 |
20151007083547.0 |
| 008 |
721129c19641940nyu 00000 eng u |
| 010 |
|
|
|a 64015018
|
| 035 |
|
|
|a (OCoLC)00503677
|
| 035 |
|
|
|9 AAF9547AM
|
| 040 |
|
|
|c WSU
|d TXA
|d UtOrBLW
|
| 049 |
|
|
|a TXAM
|c [466306]
|
| 050 |
|
0 |
|a JX1428.C6
|b C5 1964
|
| 092 |
|
|
|a 327.73
|b C649u, 1964
|
| 100 |
1 |
|
|a Clyde, Paul Hibbert,
|d 1896-1998.
|
| 245 |
1 |
0 |
|a United States policy toward China ;
|b diplomatic and public documents, 1839-1939.
|
| 264 |
|
1 |
|a New York :
|b Russell & Russell,
|c 1964
|
| 264 |
|
4 |
|c [©1940]
|
| 300 |
|
|
|a 321 pages
|
| 336 |
|
|
|a text
|b txt
|2 rdacontent
|
| 337 |
|
|
|a unmediated
|b n
|2 rdamedia
|
| 338 |
|
|
|a volume
|b nc
|2 rdacarrier
|
| 651 |
|
0 |
|a United States
|x Foreign relations
|z China.
|
| 651 |
|
0 |
|a China
|x Foreign relations
|z United States.
|
| 999 |
|
|
|a MARS
|
| 999 |
f |
f |
|s a197e62d-b259-3959-b4e4-d4741b9c33c2
|i e4ec06eb-4211-3e19-98c3-c7656cf7b4de
|t 0
|
| 952 |
f |
f |
|p normal
|a Texas A&M University
|b College Station
|c Sterling C. Evans Library
|d Evans: Library Stacks
|t 0
|e JX1428.C6 C5 1964
|h Library of Congress classification
|i unmediated -- volume
|m A14800677626
|
| 998 |
f |
f |
|a JX1428.C6 C5 1964
|t 0
|l Evans: Library Stacks
|